<?xml version="1.0" encoding="UTF-8"?>
<record
    xmlns:xsi="http://www.w3.org/2001/XMLSchema-instance"
    xsi:schemaLocation="http://www.loc.gov/MARC21/slim http://www.loc.gov/standards/marcxml/schema/MARC21slim.xsd"
    xmlns="http://www.loc.gov/MARC21/slim">

  <leader>01852nam a2200229 a 4500</leader>
  <controlfield tag="001">ASIN0754629155</controlfield>
  <controlfield tag="005">20170105102911.0</controlfield>
  <controlfield tag="008">131025s2012    xxu                 eng d</controlfield>
  <datafield tag="020" ind1=" " ind2=" ">
    <subfield code="a">0754629155 (hardcover)</subfield>
    <subfield code="c">$300.00</subfield>
  </datafield>
  <datafield tag="020" ind1=" " ind2=" ">
    <subfield code="a">9780754629153 (hardcover)</subfield>
  </datafield>
  <datafield tag="040" ind1=" " ind2=" ">
    <subfield code="a">0</subfield>
  </datafield>
  <datafield tag="082" ind1=" " ind2=" ">
    <subfield code="a">363.32509581</subfield>
  </datafield>
  <datafield tag="100" ind1="1" ind2=" ">
    <subfield code="a">Iqbal, Muzaffar.</subfield>
  </datafield>
  <datafield tag="245" ind1="1" ind2="0">
    <subfield code="a">Studies in the islam and science nexus /</subfield>
    <subfield code="c">Muzaffar Iqbal.</subfield>
  </datafield>
  <datafield tag="260" ind1=" " ind2=" ">
    <subfield code="a">[S.l.] :</subfield>
    <subfield code="b">Ashgate,</subfield>
    <subfield code="c">2012.</subfield>
  </datafield>
  <datafield tag="300" ind1=" " ind2=" ">
    <subfield code="a">564 p. ;</subfield>
    <subfield code="c">25 cm.</subfield>
  </datafield>
  <datafield tag="490" ind1="1" ind2=" ">
    <subfield code="a">Islam and science: historic and contemporary perspectives.</subfield>
  </datafield>
  <datafield tag="520" ind1=" " ind2=" ">
    <subfield code="a">This four volume series brings together the most important and influential articles dealing with various aspects of the relationship between Islam and science. The studies reflect historical, epistemological and philosophical issues and perspectives, and cover a wide spectrum of subject areas ranging from Islamic perspectives on cosmology and biological evolution to the relationship between the Qur'an and science, and contemporary issues in many fields where science and religion interact. The series sheds new light on historical links between modern science and the Islamic scientific tradition and also includes special studies on major voices in Islam and science discourse. Each volume in the series is thematically arranged, which makes clear the developments in various sub areas of the Islam and science nexus, and includes an introduction which presents an overview of the current status of research in the field. This series constitutes a comprehensive reference resource for libraries and academic researchers interested in all aspects of the Islam and science discourse.</subfield>
  </datafield>
  <datafield tag="830" ind1=" " ind2="0">
    <subfield code="a">Islam and science: historic and contemporary perspectives.</subfield>
  </datafield>
  <datafield tag="856" ind1="4" ind2="0">
    <subfield code="3">Amazon.com</subfield>
    <subfield code="u">http://www.amazon.com/exec/obidos/ASIN/0754629155/chopaconline-20</subfield>
  </datafield>
  <datafield tag="942" ind1=" " ind2=" ">
    <subfield code="2">ddc</subfield>
    <subfield code="c">BK</subfield>
  </datafield>
  <datafield tag="999" ind1=" " ind2=" ">
    <subfield code="c">15110</subfield>
    <subfield code="d">15110</subfield>
  </datafield>
  <datafield tag="952" ind1=" " ind2=" ">
    <subfield code="0">0</subfield>
    <subfield code="1">0</subfield>
    <subfield code="4">0</subfield>
    <subfield code="7">0</subfield>
    <subfield code="8">NFIC</subfield>
    <subfield code="a">CIPS</subfield>
    <subfield code="b">CIPS</subfield>
    <subfield code="c">GEN</subfield>
    <subfield code="d">2013-10-02</subfield>
    <subfield code="l">0</subfield>
    <subfield code="o">363.32509581 SHA 2012</subfield>
    <subfield code="p">CIPS0002113</subfield>
    <subfield code="r">2013-10-30</subfield>
    <subfield code="w">2013-10-30</subfield>
    <subfield code="y">BK</subfield>
  </datafield>
</record>
